Report of the Bombay University Reorganisation Committee 1950 (Record no. 509020)

000 -LEADER
fixed length control field 00290nam a22000977a 4500
082 ## - DEWEY DECIMAL CLASSIFICATION NUMBER
Classification number P5x5442 B639b
100 ## - MAIN ENTRY--PERSONAL NAME
Personal name Government of Maharashtra
9 (RLIN) 1919
245 ## - TITLE STATEMENT
Title Report of the Bombay University Reorganisation Committee 1950
260 ## - PUBLICATION, DISTRIBUTION, ETC. (IMPRINT)
Place of publication, distribution, etc Bombay
Name of publisher, distributor, etc Government Central Press
Date of publication, distribution, etc 1951
300 ## - PHYSICAL DESCRIPTION
Extent 253p.
Holdings
Withdrawn status Lost status Source of classification or shelving scheme Damaged status Koha normalized classification for sorting Not for loan Permanent location Current location Date acquired Full call number Barcode Date last seen Price effective from Koha item type
        P_5X5442_B639B   Indian Institute of Public Administration Indian Institute of Public Administration 2019-04-22 P5x5442 B639b GG33996 2019-04-22 2019-04-22 GG

Powered by Koha